|
|
|
|
| LEADER |
00000cam a2200000 a 4500 |
| 001 |
UCW3909 |
| 003 |
CL-VaPUC |
| 008 |
890601e19880000SP |||||||||||||||||spa|d |
| 020 |
|
|
|a 8420690236
|
| 082 |
0 |
4 |
|a 128
|b ZUB
|2 21
|
| 100 |
0 |
|
|a Zubiri, Xavier
|e author
|9 216
|
| 245 |
1 |
3 |
|a El hombre y Dios
|
| 250 |
|
|
|a 4a. ed
|
| 300 |
|
|
|a 414 p
|
| 942 |
|
|
|c BK
|
| 945 |
|
|
|d 19890601 00:00:00
|
| 260 |
|
|
|a Madrid
|b Alianza
|c 1988
|
| 650 |
|
7 |
|a HOMBRE
|2 CL-VaPUC
|9 262149
|
| 650 |
|
0 |
|a Teología cristiana
|9 308336
|
| 650 |
|
7 |
|a UNION MISTICA
|2 CL-VaPUC
|9 308337
|
| 583 |
|
|
|a last modification
|c 20150414 05:01:47
|k Rodrigo Vera
|
| 999 |
|
|
|c 217766
|d 217764
|
| 952 |
|
|
|0 0
|1 2
|4 0
|6 128_000000000000000_ZUB_1988
|7 0
|8 A
|9 205980
|a BIBTEO
|b BIBTEO
|d 2019-11-15
|i 2739380
|o 128 ZUB 1988
|p 2739380
|r 2019-11-15
|w 2019-11-15
|y BK
|k ICR
|
| 952 |
|
|
|0 0
|1 0
|4 0
|6 128_000000000000000_ZUB_1988
|7 0
|8 A
|9 205981
|a BIBTEO
|b BIBTEO
|d 2019-11-15
|i 2739399
|o 128 ZUB 1988
|p 2739399
|r 2025-01-17
|w 2019-11-15
|y BK
|k ICR
|
| 952 |
|
|
|0 0
|1 0
|4 0
|6 128_000000000000000_ZUB_1988
|7 0
|8 A
|9 205982
|a BIBEDU
|b BIBEDU
|d 2019-11-15
|i 2739402
|o 128 ZUB 1988
|p 2739402
|r 2019-11-15
|w 2019-11-15
|y BK
|k EDU
|
| 952 |
|
|
|0 0
|1 0
|3 erb
|4 0
|6 128_000000000000000_ZUB_1988
|7 0
|8 A
|9 205983
|a BIBEDU
|b BIBEDU
|e Villagrán Garnham, Jorge
|i 5171105
|l 4
|m 2
|o 128 ZUB 1988
|p 5171105
|q 2024-08-02
|r 2024-07-03
|s 2024-07-03
|w 2019-11-15
|y BK
|z Catalogado en:20150423
|k FIL
|